000 00455nam a2200181 a 4500
001 16459
005 20180713205413.0
008 140415s1984 000 0 spa d
020 _a8474901065
041 _aspa
082 _a232.917
_bPAO
100 1 _aPAOLA, TOMIE DE
245 1 3 _aLA VIRGEN DE GUADALUPE
260 _a[s.l.] :
_bENCUENTRO,
_c1984
300 _a41
650 1 4 _aMILAGROS
_xVIRGEN
700 1 _aSALGADO, CARMEN
_etr.
999 _c16459
_d16459